MARC

LEADER 00000nam0a2200000 4500
001 329690
005 20231102004203.0
035 |a (RuTPU)RU\TPU\book\355450 
090 |a 329690 
100 |a 20170317d1957 km y0rusy50 ca 
101 0 |a rus 
102 |a RU 
105 |a a g 001zy 
200 1 |a Допуски и посадки  |e справочник  |f В. Д. Мягков 
205 |a 3-е изд., перераб. и доп. 
210 |a Москва  |a Ленинград  |c Машгиз  |d 1957 
215 |a 639 с.  |c ил. 
320 |a Библиогр.: с. 599-604 
606 1 |a Допуски и посадки  |x Расчет  |2 stltpush  |3 (RuTPU)RU\TPU\subj\10010  |9 37151 
610 1 |a гладкие отверстия 
610 1 |a соединения 
610 1 |a размеры длины 
610 1 |a цепи 
610 1 |a отклонения 
610 1 |a углы 
610 1 |a неметаллические детали 
610 1 |a приспособления 
610 1 |a штампы 
610 1 |a справочники 
675 |a 621.753.1/.2(035)  |v 4 
700 1 |a Мягков  |b В. Д.  |g Василий Дмитриевич 
801 1 |a RU  |b 63413507  |c 20170317 
801 2 |a RU  |b 63413507  |c 20170322  |g RCR 
942 |c BK